Caste, class and power : (Record no. 65118)

MARC details
000 -LEADER
fixed length control field 00652nam a22001697a 4500
005 - DATE AND TIME OF LATEST TRANSACTION
control field 20120417122613.0
020 ## - INTERNATIONAL STANDARD BOOK NUMBER
International Standard Book Number 0195638476
Terms of availability 00.00
035 ## - SYSTEM CONTROL NUMBER
System control number A-820696
037 ## - SOURCE OF ACQUISITION
Stock number DPL
Source of stock number/acquisition ENG
100 ## - MAIN ENTRY--PERSONAL NAME
Personal name Beteille, Andre
245 ## - TITLE STATEMENT
Title Caste, class and power :
Remainder of title Changing patterns of stratification in a Tanjore village /
Statement of responsibility, etc by Andre Beteille
250 ## - EDITION STATEMENT
Edition statement 2nd ed.
260 ## - PUBLICATION, DISTRIBUTION, ETC. (IMPRINT)
Place of publication, distribution, etc Delhi
Name of publisher, distributor, etc Oxford University Press
Date of publication, distribution, etc 1996
300 ## - PHYSICAL DESCRIPTION
Extent 298p.
Dimensions 18 cms.
942 ## - ADDED ENTRY ELEMENTS (KOHA)
Source of classification or shelving scheme Dewey Decimal Classification
Item type English Books
Classification part 305.5
Call number suffix BET
Holdings
Withdrawn status Lost status Not for loan Collection code Home library Current library Date acquired Cost, normal purchase price Full call number Barcode Cost, replacement price Koha item type
      Non-fiction Sarojini Nagar Sarojini Nagar 17/04/2012 0.00 305.5 BET A-820696 0.00 English Books

© Delhi Public Library
Hit Counter
free hit counter